MARC

LEADER 00000nam0a2200000 4500
001 283912
005 20231101235637.0
035 |a (RuTPU)RU\TPU\book\308050 
090 |a 283912 
100 |a 20150211d1984 k y0rusy50 ca 
101 0 |a rus 
102 |a RU 
105 |a a z 001zy 
200 1 |a Проблемы минералогии и петрологии карбонатитов  |f А. Г. Булах, В. В. Иванников  |g Ленинградский государственный университет (ЛГУ) 
210 |a Ленинград  |c Изд-во ЛГУ  |d 1984 
215 |a 243 с.  |c ил. 
320 |a Библиогр.: с. 231-240 
606 |a Горные породы, карбонатные  |2 stltpush  |3 (RuTPU)RU\TPU\subj\8118  |9 35604 
610 1 |a щелочно-ультраосновные формации 
610 1 |a грабены 
610 1 |a дайки 
610 1 |a морфология 
610 1 |a петрология 
610 1 |a щелочные породы 
610 1 |a генезис 
610 1 |a петрография 
610 1 |a минералогия 
610 1 |a карбонатиты 
610 1 |a схемы 
610 1 |a минерализация 
610 1 |a типоморфизм 
610 1 |a типохимизм 
675 |a 552.54  |v 3 
700 1 |a Булах  |b А. Г.  |g Андрей Глебович 
701 1 |a Иванников  |b В. В.  |g Валерий Васильевич 
712 0 2 |a Ленинградский государственный университет (ЛГУ)  |c (1924-1991)  |2 stltpush  |3 (RuTPU)RU\TPU\col\77 
801 1 |a RU  |b 63413507  |c 20150211 
801 2 |a RU  |b 63413507  |c 20171002  |g RCR 
942 |c BK